Svetom Oktjabrja : al‘bom : 50 let Velikoj Oktjabr‘skoj socialističeskoj revoljucii 1917-1967 /

Další autoři: Lupalo, Ivan Gerasimovič
Jazyk: Ruština
Vydáno: Moskva : Izdatel‘stvo političeskoj literatury, 1967
Fyzický popis: 1 sv. (nestr.)
Knihy
Uloženo v:
LEADER 00702nam a22001932a 4500
001 001764113
003 CZ BrMZK
005 20201007143016.0
007 ta
008 200820s1967 ru er|||||||||||rus d
040 |a BOA001  |b cze  |e aacr2 
245 0 0 |a Svetom Oktjabrja :  |b al‘bom : 50 let Velikoj Oktjabr‘skoj socialističeskoj revoljucii 1917-1967 /  |c sost. I.G. Lupalo ... [et al.] 
260 |a Moskva :  |b Izdatel‘stvo političeskoj literatury,  |c 1967 
300 |a 1 sv. (nestr.) 
700 1 |a Lupalo, Ivan Gerasimovič  |7 jx20081209043  |4 com 
910 |a BOA001  |b 3-0592.529 
990 |a BK 
991 |b 202008 
996 6 |b 2618899917  |c 3-0592.529  |l MZK  |r Sklad / do 1 hodiny  |n 0  |w 001820111  |u 000010  |a 1  |e BOA001  |j MZK50  |s P